|
|
|
|
| LEADER |
00000nas a22000007a 4500 |
| 001 |
ssj0011951 |
| 003 |
WaSeSS |
| 005 |
20200512172242.0 |
| 006 |
m d |
| 007 |
cr n |
| 008 |
980209c19719999dcumr pss 0 a0eng c |
| 010 |
|
|
|a 2002212929
|
| 022 |
|
|
|a 1541-0048
|l 0090-0036
|y 0090-0036
|
| 035 |
|
|
|a (WaSeSS)ssj0011951
|
| 037 |
|
|
|b American Journal of Public Health, 800 I St., NW, Washington, DC 20001
|
| 040 |
|
|
|a FGA
|b eng
|c FGA
|d OCL
|d MBU
|d OCLCQ
|d DLC
|d OCLCQ
|d SBH
|d HUA
|d OCLCQ
|d SBH
|d PFM
|d CFI
|d OCLCQ
|d DLC
|d OCLCF
|d OCLCO
|d VT2
|d ZCU
|d OCLCO
|d EUW
|d OCLCQ
|d OCLCO
|d OCLCQ
|d OCL
|d OCLCO
|d DYJ
|d TSC
|d OCLCO
|d WT2
|d OCLCA
|d OCLCQ
|d BUF
|d OCLCO
|d U3W
|d OCLCO
|d OCLCQ
|d OCLCO
|d AU@
|d OCLCO
|d WYU
|d OCLCO
|d OCLCQ
|d OCLCA
|d WaSeSS
|
| 042 |
|
|
|a pcc
|a nsdp
|
| 043 |
|
|
|a n-us---
|
| 050 |
0 |
4 |
|a RA421
|b .A411
|
| 082 |
0 |
4 |
|a 614.405
|b A5 J8 P976
|
| 130 |
0 |
|
|a American journal of public health (New York, N.Y. : 1971 : Online)
|
| 210 |
0 |
|
|a Am. j. publ. health
|b (Online)
|
| 222 |
|
0 |
|a American journal of public health
|b (Online)
|
| 245 |
1 |
0 |
|a American journal of public health
|h [electronic resource].
|
| 246 |
1 |
|
|a JPH
|
| 246 |
1 |
|
|a AJPH
|
| 246 |
1 |
|
|a Journal of public health
|
| 246 |
1 |
|
|a A.J.P.H.
|
| 260 |
|
|
|a Washington, DC :
|b American Public Health Association
|
| 310 |
|
|
|a Monthly
|
| 362 |
1 |
|
|a Print began with vol. 61, no. 1 (Jan. 1971).
|
| 506 |
|
|
|a License restrictions may limit access.
|
| 538 |
|
|
|a Mode of access: World Wide Web.
|
| 588 |
0 |
|
|a Vol. 61, issue 1 (Jan. 1971); title from banner (viewed July 24, 2002).
|
| 588 |
1 |
|
|a Vol. 98, no. (June 2008) (HighWire, viewed May 16, 2008).
|
| 650 |
|
0 |
|a Public health
|v Periodicals.
|
| 650 |
|
0 |
|a Public health
|z United States
|v Periodicals.
|
| 650 |
1 |
2 |
|a Public Health.
|
| 650 |
|
7 |
|a Public health.
|2 fast
|0 (OCoLC)fst01082238
|
| 651 |
|
7 |
|a United States
|2 fast
|0 (OCoLC)fst01204155
|
| 655 |
|
0 |
|a Electronic journals.
|
| 710 |
2 |
|
|a American Public Health Association.
|
| 776 |
1 |
|
|t American journal of public health
|x 0090-0036
|w (DLC) 86655185
|w (OCoLC)1642844
|
| 780 |
0 |
1 |
|t American journal of public health and the nation's health
|x 2330-9679
|w (DLC) 2008247639
|w (OCoLC)228142903
|
| 856 |
4 |
0 |
|z Full text available from Research Library: 01/01/1992 to present
|u https://search.proquest.com/publication/41804
|